Management accounting best practices : A guide for the professional accountant
Gespeichert in:
| 1. Verfasser: | |
|---|---|
| Format: | Sách |
| Sprache: | Undetermined |
| Veröffentlicht: |
John wiley & Sons
2007
|
| Schlagworte: | |
| Tags: |
Tag hinzufügen
Keine Tags, Fügen Sie den ersten Tag hinzu!
|
| Thư viện lưu trữ: | Trung tâm Thư viện - Trường Đại học Công nghiệp TP. Hồ Chí Minh |
|---|
| LEADER | 00555nam a2200157Ia 4500 | ||
|---|---|---|---|
| 001 | UIH_04302 | ||
| 008 | 231011s9999 xx 000 0 und d | ||
| 082 | |a 658.1511 | ||
| 100 | |a Bragg, Steven M | ||
| 245 | 0 | |a Management accounting best practices : A guide for the professional accountant | |
| 245 | 0 | |c Bragg, Steven M | |
| 260 | |b John wiley & Sons | ||
| 260 | |c 2007 | ||
| 650 | |a Kế toán quản lý; Kế toán học; | ||
| 927 | |a Sách | ||
| 980 | |a Trung tâm Thư viện - Trường Đại học Công nghiệp TP. Hồ Chí Minh | ||